ბათუმის შოთა რუსთაველის სახელმწიფო უნივერსიტეტის ბიბლიოთეკა

The Economist, January 25th-31st. 2014 (ბიბ.ჩანაწერი № 42219)

000 -LEADER
fixed length control field 00440nam a2200181Ia 4500
001 - CONTROL NUMBER
control field 8912
003 - CONTROL NUMBER IDENTIFIER
control field GE_BSU
008 - FIXED-LENGTH DATA ELEMENTS--GENERAL INFORMATION
fixed length control field 181216s||||||||xx |||||||||||||| ||und||
040 ## - CATALOGING SOURCE
Transcribing agency GE_BSU
245 #4 - TITLE STATEMENT
Title The Economist, January 25th-31st. 2014
245 ## - TITLE STATEMENT
Remainder of title Number 8871 Volume 410
260 ## - PUBLICATION, DISTRIBUTION, ETC.
Place of publication, distribution, etc. Paris
260 ## - PUBLICATION, DISTRIBUTION, ETC.
Date of publication, distribution, etc. 2014
300 ## - PHYSICAL DESCRIPTION
Extent 78p.30sm.
653 ## - INDEX TERM--UNCONTROLLED
Uncontrolled term The Economist. 25th-31st. 2014
653 ## - INDEX TERM--UNCONTROLLED
Uncontrolled term პერიოდიკა
942 ## - ADDED ENTRY ELEMENTS (KOHA)
Koha item type პერიოდიკა
ეგზემპლარები
Withdrawn status Lost status Damaged status Not for loan Date acquired Barcode Date last seen Price effective from Koha item type Public note
        2018-12-17 p 76119 2018-12-17 2018-12-17 პერიოდიკა პერიოდიკა